Estudio Básico para la Planificación Vial

El presente trabajo aborda tres de los estudios básicos de planificación vial que se realizan en Nicaragua, siendo éstos: conteos volumétricos de tránsito, estudios de pesos y dimensiones e inventario vial. Dentro del acápite conteos volumétricos de tránsito existen dos métodos básicos, el...

Full description

Bibliographic Details
Main Authors: Casco Cornejo, Patricia, González Rodríguez, Lizeth
Other Authors: Tutor: Morales Urbina, Israel
Format: Tesis Section = Libro
Language:Undetermined
Spanish
Published: Managua UNI 1995
Subjects:
LEADER 01278nam a2200229Ia 4500
008 240830s9999 xx 000 0 und d
040 |a BIBLIOTECA-RUPAP Mon 628.04 C334 
041 |a spa 
082 |a Mon 628.04 C334 
100 1 |a Casco Cornejo, Patricia 
100 1 |b  González Rodríguez, Lizeth 
245 1 0 |a Estudio Básico para la Planificación Vial 
260 |a Managua  |b UNI  |c 1995 
300 |a 244 p. :il. 
500 |a Contiene: fotos, gráficos y tablas. 
502 |a Tesis (Ingeniero Civil)- UNI, 1995. 
520 3 |a El presente trabajo aborda tres de los estudios básicos de planificación vial que se realizan en Nicaragua, siendo éstos: conteos volumétricos de tránsito, estudios de pesos y dimensiones e inventario vial. Dentro del acápite conteos volumétricos de tránsito existen dos métodos básicos, el mecánico y el manual. El estudio de pesos y dimensiones que consiste en regular y controlar la carga que circula por la red vial y por último el inventario vial que consiste en la recopilación de datos e información referente a kilometraje tipo de superficie de rodamiento y espesor, etc. 
650 7 |a INGENIERIA DEL TRANSITO 
700 1 |a Tutor:  |b Morales Urbina, Israel 
942 |c BK  |2 ddc 
991 |a TESIS 
999 |c 16207